000
00261nam a2200109Ia 4500
008
230312s9999||||xx |||||||||||||| ||und||
082
_a
759.960
_b
FRE-D
100
_a
Frechman
245
0
_a
Drawing perspective step by step
650
_a
Architecture
942
_c
BK
999
_c
14545
_d
14545